Marketing v bankovníctve a poisťovníctve

Bibliographic Details
Main Author: Korauš, Anton (Author)
Format: Book
Language:Slovak
PhysicalDescription:297 s. sch. 22 cm
Published: Bratislava Sprint 2000
ISBN:8088848520
Subjects:

MARC

LEADER 00000cam a2200000 a 4500
001 vtls001382123
003 SK-MaSNL
005 20260302021106.0
008 240226s2000 xo a frp 000 0 slo
015 |a SNBA2000/04-01136 
020 |a 8088848520 
035 |a SNK000336161 
035 |a urn:nbn:sk:snk-amkkni 
035 |a urn:nbn:sk:snk-am008i5y 
035 |a 81EC3681-8243-40C3-87A2-640D6312809C 
040 |a SNK  |b slo  |c SNK  |e AACR2 
041 0 |a slo 
044 |a xo  |c SK 
080 |a 339.13:336.71:368(075.8)  |2 1981 
080 |a 336.71:368:339.13(075.8)  |2 1981 
100 1 |a Korauš, Anton  |4 aut  |9 12258 
245 1 0 |a Marketing v bankovníctve a poisťovníctve  |c Anton Korauš 
260 |a Bratislava  |b Sprint  |c 2000 
300 |a 297 s.  |b sch.  |c 22 cm 
504 |a Bibliogr. s. 296-297 
650 0 7 |a marketing  |2 SNKPH  |9 2299 
650 0 7 |a bankovníctvo  |2 SNKPH  |9 2101 
650 0 7 |a poisťovníctvo  |2 SNKPH  |9 2517 
655 7 |a učebnice vysokých škôl  |2 SNKPH  |9 70191 
919 |a 80-88848-52-0 
958 |a TL 
958 |a NB 
958 |a UV 
999 |c 1027459  |d 1029389 
952 |t P60, <03>, [BOOK], {603}  |a SNK  |b SNK  |y PREZ  |7 0  |p 17A0226794  |o snkSC 100800  |i snkKSP 1671/2000  |0 0  |1 0  |4 0  |d 2000-02-07  |f 1  |l 0  |r 2025-09-19 00:00:00  |w 2026-02-24 
952 |t P60, <04>, [BOOK], {604}  |a SNK  |b SNK  |y VYP  |7 0  |p 17A0226796  |o snkSC 100800 D1  |i snkKSP 1672/2000  |3 poškodená väzba  |0 0  |1 0  |4 0  |d 2000-02-07  |l 0  |r 2005-01-02 00:00:00  |w 2026-02-24